الإرهاب .. : الظاهرة والمواجهة /
الإرهاب ... الظاهرة والمواجهة، كان هو عنوان المؤتمر الذى نظمه منتدى حوار الثقافات بالهيئة القبطية الإنجليلة للخدمات الإجتماعية، فى مدينة شرم الشيخ عقب الحادث الإجرامى الذى تعرضت له المدينة يوم 23 يوليو 2005....
Saved in:
| 企业作者: | |
|---|---|
| 其他作者: | , , , , , , , |
| 格式: | 图书 |
| 语言: | 阿拉伯语 |
| 出版: |
القاهرة :
الهيئة القبطية الانجيلية للخدمات الاجتماعية، قسم التنمية الثقافية، منتدى حوار الثقافات،
2006.
|
| 版: | ط.1. |
| 主题: | |
| 标签: |
添加标签
没有标签, 成为第一个标记此记录!
|
MARC
| LEADER | 00000nam a2200000 a 4500 | ||
|---|---|---|---|
| 003 | INP | ||
| 005 | 20181127112024.0 | ||
| 008 | 130627s2006 ua frb 000 0 ara d | ||
| 952 | |0 0 |1 0 |4 0 |6 364_131000000000000_إ_ر |7 0 |8 arabic_Boo |9 2297 |a INP |b INP |c MAIN |d 2018-03-19 |l 0 |o 364.131 إ ر |p 002146 |r 2022-03-28 00:00:00 |w 2018-03-19 |y BK |0 0 | ||
| 952 | |0 0 |1 0 |4 0 |6 364_131000000000000_إ_ر |7 0 |8 arabic_Boo |9 2298 |a INP |b INP |c MAIN |d 2018-03-19 |l 0 |o 364.131 إ ر |p 002147 |r 2022-03-28 00:00:00 |w 2018-03-19 |y BK |0 0 | ||
| 999 | |c 5034 |d 5034 | ||
| 017 | |a 2006/15890 |b مصر. دار الكتب | ||
| 040 | |a EG-INP |c EG-INP |b ara | ||
| 082 | 0 | 4 | |a 364.131 |b إ ر |2 21 |
| 245 | 1 | 2 | |a الإرهاب .. : |b الظاهرة والمواجهة / |c حسن نافعة، صفوت البياضي، ضياء رشوان ...[وأخ.]؛ المحرر هاني عياد. |
| 250 | |a ط.1. | ||
| 260 | |a القاهرة : |b الهيئة القبطية الانجيلية للخدمات الاجتماعية، قسم التنمية الثقافية، منتدى حوار الثقافات، |c 2006. | ||
| 300 | |a 116 ص. ؛ |c 20 سم. | ||
| 504 | |a يشتمل على ارجاعات ببليوجرافية. | ||
| 520 | |a الإرهاب ... الظاهرة والمواجهة، كان هو عنوان المؤتمر الذى نظمه منتدى حوار الثقافات بالهيئة القبطية الإنجليلة للخدمات الإجتماعية، فى مدينة شرم الشيخ عقب الحادث الإجرامى الذى تعرضت له المدينة يوم 23 يوليو 2005. | ||
| 650 | 7 | |a الإرهاب. |2 qrmak | |
| 650 | 7 | |a الإرهاب |x مكافحة. |2 qrmak | |
| 650 | 7 | |a العنف. |2 qrmak | |
| 700 | 1 | |a البياضي، صفوت، |e مؤلف مشارك. | |
| 700 | 1 | |a نافعة، حسن. |e مؤلف مشارك. | |
| 700 | 1 | |a رشوان، ضياء، |e مؤلف مشارك. | |
| 700 | 1 | |a جاد، عماد، |e مؤلف مشارك. | |
| 700 | 1 | |a ماضي، أبو العلا، |e مؤلف مشارك. | |
| 700 | 1 | |a أحمد، محمد سيد، |e مؤلف مشارك. | |
| 700 | 1 | |a عبد المجيد، وحيد، |e مؤلف مشارك. | |
| 700 | 1 | |a عياد، هاني، |e محرر. | |
| 710 | 2 | |a الهيئة القبطية الانجيلية للخدمات الاجتماعية، قسم التنمية الثقافية، منتدى حوار الثقافات. | |
| 901 | |a EGPV3 | ||
| 902 | |a EGPV5 | ||
| 903 | |a copycat | ||
| 942 | |c BK |2 ddc | ||